Ecrire à tout le monde
Shranjeno v:
| Glavni avtor: | |
|---|---|
| Format: | Knjiga |
| Jezik: | francoščina |
| Izdano: |
París
Hachette
1981
|
| Serija: | Collection Outils
|
| Teme: | |
| Oznake: |
Označite
Brez oznak, prvi označite!
|
MARC
| LEADER | 00000nam a2200000 a 4500 | ||
|---|---|---|---|
| 001 | UCQ3633 | ||
| 003 | CL-VaPUC | ||
| 008 | 980821e19810000FR |||||||||||||||||fre|d | ||
| 082 | 0 | 4 | |a 808.042 |b LIC |2 21 |
| 100 | 0 | |a Lichet, Raymond |e author |9 417883 | |
| 245 | 1 | 0 | |a Ecrire à tout le monde |
| 300 | |a 111 p | ||
| 942 | |c BK | ||
| 945 | |d 19980821 00:00:00 |a crobeson | ||
| 260 | |a París |b Hachette |c 1981 | ||
| 650 | 7 | |a FRANCES |2 CL-VaPUC |9 259059 | |
| 650 | 0 | |a Composición literaria |9 324494 | |
| 650 | 0 | |a Retórica |9 266620 | |
| 583 | |a last modification |c 19980821 00:00:00 |k Rodrigo Vera | ||
| 490 | 0 | |a Collection Outils | |
| 999 | |c 274153 |d 274151 | ||
| 952 | |0 0 |1 0 |4 0 |6 808_042000000000000_LIC_1981 |7 0 |8 A |9 310246 |a BIBEDU |b BIBEDU |d 2019-11-20 |i 1456431 |o 808.042 LIC 1981 |p 1456431 |r 2019-11-20 |w 2019-11-20 |y BK |k LIT | ||